| 000 | 00432nam a22001457a 4500 | ||
|---|---|---|---|
| 082 |
_a796 _bGAM _cL-32, P-23 |
||
| 100 |
_aAuchinleck, _945880 |
||
| 245 | _aGames and sports in the services in indian 1945 | ||
| 260 |
_aIndia _bThe service of control board _c1945 |
||
| 300 |
_axiv, 465 p. _bill. |
||
| 526 |
_a0 _b0 _c0 _d796_000000000000000_GAM |
||
| 526 |
_a0 _b0 _c0 _d796_000000000000000_GAM |
||
| 650 |
_aMCE _9379 |
||
| 942 |
_2ddc _cBK |
||
| 999 |
_c549297 _d549297 |
||